Top 10 Countries With The Most Cats - Statistics

General Stats
  • This quiz has been taken 39 times
  • The average score is 9 of 10
Answer Stats
Cat Population Answer % Correct
53,000,000 China
97%
76,500,000 United States
97%
12,500,000 Brazil
95%
9,500,000 France
95%
9,500,000 Italy
92%
7,250,000 Japan
92%
7,750,000 Germany
89%
7,750,000 United Kingdom
89%
12,750,000 Russia
87%
7,500,000 Ukraine
39%
No matching quizzes found
Score Distribution
Percent of People with Each Score
Percentile by Number Answered
Your Score History
You have not taken this quiz